000 00358nam a2200133Ia 4500
008 100328s9999 xx 000 0 und d
082 _b63766
100 _aठाकूर दिलीप.
245 _aतारांगण.
260 _bसंवेदना.
630 _aतारांगण.
730 _aतारांगण.
942 _cBOOK
999 _c549614
_d549611